| 000 | 00431nam a2200205Ia 4500 | ||
|---|---|---|---|
| 001 | 11658 | ||
| 003 | GE_BSU | ||
| 008 | 181216s||||||||xx |||||||||||||| ||und|| | ||
| 020 | _a9780330528122 | ||
| 040 | _cGE_BSU | ||
| 080 | _a821.111-31 | ||
| 100 | _aNoel,Alyson. | ||
| 245 | _aEverlasting. | ||
| 260 | _aLondon. | ||
| 260 | _bMacmillan. | ||
| 260 | _c2011. | ||
| 300 | _a322p;20cm. | ||
| 653 | _aEverlasting. | ||
| 942 | _cBK | ||
| 999 |
_c44844 _d44844 |
||